000 00619nam a2200253Ia 4500
005 20260121155252.0
008 008 260114s9999 xx 000 0 eng d
020 _a9781003020363
037 _aEBOOK
040 _aCRL
040 _beng
040 _cCRL
041 _2eng
041 _aeng
084 _qCRL
100 _a Nicole Elias; Amanda Olejarski
_91017454
245 0 _aEthics for Contemporary Bureaucrats
260 _bTaylor and Francis
260 _c2020
856 _uhttp://www.taylorfrancis.com/books/9781003020363
942 _cEBOOK
999 _c1584273
_d1584273